[Event "Politiken Cup"]
[Site "Helsingor DEN"]
[Date "2009.07.23"]
[Round "7"]
[White "Andersen,Dag"]
[Black "Dalberg,P"]
[Result "1/2-1/2"]
[WhiteElo "1926"]
[BlackElo "2088"]
[EventDate "2009.07.18"]

1. e4 e6 2. d4 d5 3. Nc3 Bb4 4. e5 b6 5. Nf3 Qd7 6. Bd2 Nc6 7. Bd3 Bb7 8.
a3 Bf8 9. Qe2 O-O-O 10. Ba6 Nge7 11. Bxb7+ Kxb7 12. Qd3 h6 13. Ne2 f6 14.
exf6 gxf6 15. b4 Nf5 16. b5 Nce7 17. O-O Nd6 18. Rfb1 Nc4 19. a4 e5 20.
dxe5 fxe5 21. Ne1 Bg7 22. c3 Rhg8 23. Ra2 Rdf8 24. Ng3 Qe6 25. Qe2 Qg6 26.
Rd1 Bf6 27. Bc1 Bg5 28. Bxg5 hxg5 29. Nd3 e4 30. Nb4 e3 31. fxe3 Rd8 32.
Nc2 Qe6 33. Nd4 Qe5 34. e4 Rh8 35. exd5 Qxe2 36. Ngxe2 Nxd5 37. Nc6 Rd7 38.
Rd3 Nce3 39. a5 Rf7 40. Ng3 Rhf8 41. h3 Rf4 42. axb6 Kxb6 43. Ne5 Re8 44.
Nf3 Kxb5 45. Rxa7 g4 46. hxg4 Rxg4 47. Kf2 Reg8 48. c4+ Kb6 49. Rda3 Rxc4
50. R3a6+ 1/2-1/2

[Event "Politiken Cup"]
[Site "Helsingor DEN"]
[Date "2009.07.23"]
[Round "7"]
[White "Nisbet,A2"]
[Black "Jensen,SorenG"]
[Result "1/2-1/2"]
[WhiteElo "1982"]
[BlackElo "2082"]
[EventDate "2009.07.18"]

1. d4 d5 2. Nf3 Nf6 3. Bf4 c5 4. e3 cxd4 5. exd4 Bg4 6. Nbd2 Nc6 7. c3 e6
8. Bd3 Bd6 9. Bg5 Bh5 10. O-O Qc7 11. Qa4 Nd7 12. Rfe1 O-O 13. Rac1 Rfc8
14. Bh4 a6 15. Qc2 Nf8 16. a4 Bg6 17. Bg3 Bxg3 18. hxg3 Nb4 19. cxb4 Qxc2
20. Rxc2 Bxd3 21. Rc3 Rxc3 22. bxc3 Rc8 23. Rc1 Nd7 24. Ne1 Bg6 25. f4 Nb6
26. a5 Na4 27. c4 dxc4 28. Rxc4 Rxc4 29. Nxc4 Be4 30. Nd6 Bc6 31. Nd3 Nc3
32. Nc5 Ne2+ 33. Kf2 Nxd4 34. Ncxb7 Bxb7 35. Nxb7 Nc6 36. b5 axb5 37. a6
Kf8 38. Na5 Na7 39. Ke3 Ke7 40. Kd4 Kd6 41. Nb7+ Kc6 42. Nd8+ Kb6 43. Nxf7
Kxa6 44. Ng5 b4 45. Nxe6 Kb5 46. Nc7+ Ka4 47. Ne6 Nc6+ 48. Kd5 Ne7+ 49. Ke4
Kb5 50. Nd4+ Kc4 51. g4 Nd5 52. Nc6 Kc5 53. Na5 Nf6+ 54. Kf5 Nd5 55. Ke4
Nf6+ 56. Kf5 Kd5 57. Nb3 Ne4 58. g5 g6+ 59. Kg4 Nc5 60. Nd2 b3 61. Kf3 Kd4
62. g4 b2 63. Nb1 Ne4 64. f5 Nxg5+ 65. Kf4 Nf7 66. fxg6 hxg6 67. Na3 Kd5
68. Nb1 Ke6 69. Ke3 Ke5 70. Kd3 Kf4 71. Kc2 Ke3 72. Nc3 Nd6 73. Nd5+ Kf3
74. Nf6 Ne4 75. Nh7 Kxg4 76. Nf8 1/2-1/2

[Event "Politiken Cup"]
[Site "Helsingor DEN"]
[Date "2009.07.23"]
[Round "7"]
[White "Stray,G"]
[Black "Brorsen,J"]
[Result "0-1"]
[WhiteElo "2076"]
[BlackElo "1911"]
[EventDate "2009.07.18"]

1. d4 g6 2. e4 Bg7 3. Nf3 d6 4. Nc3 Nc6 5. Be3 e5 6. dxe5 Nxe5 7. Nxe5 Bxe5
8. f4 Bg7 9. Be2 Be6 10. O-O Ne7 11. Bd4 O-O 12. Bxg7 Kxg7 13. Bf3 Nc6 14.
f5 Bc4 15. Be2 Bxe2 16. Nxe2 Qg5 17. Rf3 Rae8 18. Nc3 Re5 19. Qf1 Nd4 20.
f6+ Kh8 21. Rg3 Qh4 22. Rd1 Ne6 23. Qf2 Nc5 24. Qf3 Rfe8 25. Rh3 Qg5 26.
Rg3 Qh5 27. Rh3 Qxf3 28. gxf3 R5e6 29. Nd5 Rc8 30. b4 Nd7 31. Kf2 Nxf6 32.
Ne3 Rce8 33. Rg3 Kg7 34. Rd4 Kf8 35. Rg1 Re5 36. Rgd1 Kg7 37. Rg1 Ra8 38.
a4 Rh5 39. Rg2 a5 40. b5 Rc5 41. Ke1 Nd7 42. f4 Re8 43. Kd2 Nf6 44. Kd3 Rh5
45. Nf5+ Kf8 46. Ng3 Rh3 47. b6 cxb6 48. Rxd6 Nxe4 49. Rxb6 Nc5+ 50. Kc4
Rc8 51. Kb5 Rh4 52. Kxa5 Rxf4 53. Rb4 Ra8+ 54. Kb5 Rxb4+ 55. Kxb4 Nxa4 56.
c4 Nb6 57. Kb5 Nd7 58. Ne4 Ra6 59. c5 Rc6 60. Rc2 f5 61. Nd6 Rc7 62. h4 Ke7
63. Re2+ Kf8 64. Rc2 h6 65. Rc1 f4 66. Rc4 g5 67. hxg5 hxg5 68. Ne4 g4 69.
Ng5 Rxc5+ 70. Rxc5 Nxc5 71. Kxc5 Ke7 72. Kd4 Kf6 73. Ne4+ Kg6 74. Ke5 g3
75. Nd2 Kg5 76. Ke4 Kg4 77. Nf3 g2 78. Ne5+ Kg3 79. Nf3 b5 0-1

[Event "Politiken Cup"]
[Site "Helsingor DEN"]
[Date "2009.07.23"]
[Round "7"]
[White "Larsen,TorKe"]
[Black "Rolvaag,B"]
[Result "1/2-1/2"]
[WhiteElo "2074"]
[BlackElo "1906"]
[EventDate "2009.07.18"]

1. e4 c5 2. Nc3 Nc6 3. f4 g6 4. Nf3 Bg7 5. Bb5 Nd4 6. Bd3 d6 7. Nxd4 cxd4
8. Ne2 e6 9. c3 dxc3 10. bxc3 Ne7 11. O-O f5 12. exf5 gxf5 13. Rb1 O-O 14.
Ba3 b6 15. Qb3 Rf6 16. Qb4 Bb7 17. Qxd6 Rg6 18. Rf2 Qxd6 19. Bxd6 Rd8 20.
Bxe7 Rxd3 21. Nc1 Rd7 22. Ba3 Bxc3 23. Nb3 Bf6 24. Bb2 Be4 25. d3 Rxd3 26.
Bxf6 Rxf6 27. Rc1 Rf7 28. Nd2 Bd5 29. Nf3 Bxf3 30. gxf3 Rfd7 31. Rcc2 Rd1+
32. Rf1 Kf7 33. Rxd1 Rxd1+ 34. Kf2 Rd7 35. Ke3 Kf6 36. Rc6 Rg7 37. Rc2 h5
38. a4 h4 39. h3 Rb7 40. Rc8 1/2-1/2

[Event "Politiken Cup"]
[Site "Helsingor DEN"]
[Date "2009.07.23"]
[Round "7"]
[White "Brauner,J"]
[Black "Nielsen,Bo1"]
[Result "1/2-1/2"]
[WhiteElo "1919"]
[BlackElo "2073"]
[EventDate "2009.07.18"]

1. c4 e6 2. Nc3 d5 3. d3 Nf6 4. g3 d4 5. Ne4 Nxe4 6. dxe4 Bb4+ 7. Bd2 Bxd2+
8. Qxd2 c5 9. Rd1 Nc6 10. Bg2 O-O 11. Nf3 e5 12. O-O Be6 13. b3 f6 14. Ne1
Qe7 15. Nd3 a6 16. Rc1 Rac8 17. Rc2 b6 18. Rfc1 g6 19. Rb2 Kg7 20. Kh1 Qd6
21. h4 h6 22. f4 Nb4 23. Nxb4 cxb4 24. Rf1 Bg4 25. Bf3 Bxf3+ 26. Rxf3 a5
27. Rb1 Qc6 28. Qd3 Rcd8 29. f5 g5 30. hxg5 hxg5 31. Kg2 Rh8 32. Rff1 Rh5
33. Rh1 Rdh8 34. Rxh5 Rxh5 35. Rh1 Qe8 36. Qf3 Rxh1 37. Kxh1 Kh6 38. Kg2
Qh5 39. Qxh5+ Kxh5 40. Kh3 g4+ 41. Kg2 Kh6 42. Kf2 Kg7 43. e3 d3 44. Ke1
Kf7 45. Kd2 Ke7 46. Kxd3 Kd6 47. Kc2 Kc5 1/2-1/2

[Event "Politiken Cup"]
[Site "Helsingor DEN"]
[Date "2009.07.23"]
[Round "7"]
[White "Jacobsen,S"]
[Black "Schmied,A"]
[Result "1/2-1/2"]
[WhiteElo "1906"]
[BlackElo "2068"]
[EventDate "2009.07.18"]

1. Nf3 c5 2. g3 Nc6 3. c4 g6 4. Bg2 Bg7 5. Nc3 e5 6. e4 Nge7 7. O-O O-O 8.
d3 d6 9. Bg5 f6 10. Be3 h6 11. Qc1 Kh7 12. Nd2 Be6 13. f4 Qd7 14. Nf3 Nd4
15. Qd2 Rab8 16. Nh4 exf4 17. gxf4 f5 18. Nd5 Rbe8 19. Rae1 Ng8 20. Nf3
Nxf3+ 21. Bxf3 Nf6 22. Kh1 Bf7 23. Nxf6+ 1/2-1/2

[Event "Politiken Cup"]
[Site "Helsingor DEN"]
[Date "2009.07.23"]
[Round "7"]
[White "Ostlund,A"]
[Black "Tari,A"]
[Result "1-0"]
[WhiteElo "2067"]
[BlackElo "1901"]
[EventDate "2009.07.18"]

1. e4 c5 2. Nf3 d6 3. d4 cxd4 4. Nxd4 Nf6 5. Nc3 a6 6. g3 e6 7. Bg2 Be7 8.
O-O Qc7 9. Re1 O-O 10. f4 Nc6 11. Be3 Bd7 12. Nb3 Rfd8 13. Qe2 Rac8 14. g4
Na5 15. Nxa5 Qxa5 16. g5 Ne8 17. Qf2 Rc6 18. f5 Bc8 19. Nd5 exd5 20. exd5
Rc4 21. Bb6 Qb5 22. Rxe7 Rxc2 23. Qxc2 Qxb6+ 24. Kh1 Bd7 25. Rc1 Kf8 26. f6
g6 27. Qe4 Qc5 28. Rxf7+ Kg8 29. Qe7 Nxf6 30. Qxf6 1-0

[Event "Politiken Cup"]
[Site "Helsingor DEN"]
[Date "2009.07.23"]
[Round "7"]
[White "Strand,H"]
[Black "Nielsen,KaiG"]
[Result "1-0"]
[WhiteElo "2062"]
[BlackElo "1899"]
[EventDate "2009.07.18"]

1. e4 e5 2. Nf3 Nf6 3. d4 exd4 4. e5 Nd5 5. c3 d6 6. cxd4 dxe5 7. Nxe5 Bb4+
8. Bd2 Qe7 9. Bc4 Be6 10. O-O Bxd2 11. Nxd2 O-O 12. Re1 Qb4 13. Nd3 Qb6 14.
Nc5 Qc6 15. Nxe6 fxe6 16. Qb3 Kh8 17. Nf3 Nd7 18. Rac1 Qd6 19. Ne5 N7b6 20.
Bf1 c6 21. Qh3 Rf6 22. Bd3 h6 23. g3 Ne7 24. Ng4 Rf7 25. Nxh6 gxh6 26.
Qxh6+ Kg8 27. Re4 Nf5 28. Rg4+ Rg7 29. Bxf5 Rxg4 30. Bxe6+ 1-0

[Event "Politiken Cup"]
[Site "Helsingor DEN"]
[Date "2009.07.23"]
[Round "7"]
[White "Jensen,SorenH"]
[Black "Palvig,D"]
[Result "1-0"]
[WhiteElo "2054"]
[BlackElo "1868"]
[EventDate "2009.07.18"]

1. e4 c6 2. d4 d5 3. Nc3 dxe4 4. Nxe4 Bf5 5. Ng3 Bg6 6. h4 h6 7. Nf3 Nd7 8.
h5 Bh7 9. Bd3 Bxd3 10. Qxd3 Ngf6 11. Bd2 e6 12. O-O-O Qc7 13. Ne4 O-O-O 14.
g3 e5 15. Nxf6 gxf6 16. Qf5 Bd6 17. Rhe1 c5 18. dxc5 Bxc5 19. Be3 Bxe3+ 20.
Rxe3 Kb8 21. Red3 Nc5 22. Rxd8+ Rxd8 23. Qxf6 Nd3+ 24. Kb1 Rd6 25. Qh8+ Rd8
26. Qxh6 Nxf2 27. Rxd8+ Qxd8 28. Qd2 Qxd2 29. Nxd2 Ng4 30. c4 Kc7 31. Kc2
f5 32. Nf1 f4 33. gxf4 exf4 34. Nd2 Kd6 35. Kd3 Ke5 36. Nf3+ Kf5 37. b4 Nf6
38. h6 Kg6 39. Kd4 Kxh6 40. Ke5 Kg6 41. Kxf4 Kf7 42. Ke5 Ke7 43. c5 a6 44.
Nd4 Ne8 45. Nf5+ Kd7 46. Nd6 Nc7 47. Nxb7 Kc6 48. Nd6 a5 49. Kd4 Ne6+ 50.
Kc4 axb4 51. Ne4 Nc7 52. Kxb4 Na6+ 53. Kc4 Nc7 54. Nf2 Kb7 55. Nd3 Ka6 56.
Nb4+ Ka5 57. Nd5 Na6 58. c6 Ka4 59. a3 Ka5 60. c7 Nxc7 61. Nxc7 Ka4 62. Nb5
Ka5 63. Nc3 1-0

[Event "Politiken Cup"]
[Site "Helsingor DEN"]
[Date "2009.07.23"]
[Round "7"]
[White "Johansen,St"]
[Black "Harstad,C"]
[Result "1-0"]
[WhiteElo "1874"]
[BlackElo "2052"]
[EventDate "2009.07.18"]

1. e4 e5 2. Nf3 Nc6 3. Bb5 a6 4. Ba4 Nf6 5. O-O b5 6. Bb3 Be7 7. Re1 d6 8.
c3 O-O 9. d4 Bg4 10. Be3 exd4 11. cxd4 Na5 12. Bc2 Nc4 13. Bc1 c5 14. b3
Nb6 15. Qd3 h6 16. e5 dxe5 17. Nxe5 Bd7 18. Bb2 c4 19. bxc4 Nxc4 20. Bc3
Rc8 21. d5 g6 22. Nxg6 Re8 23. Nd2 fxg6 24. Qxg6+ Kf8 25. Qxh6+ Kg8 26.
Bh7+ 1-0

[Event "Politiken Cup"]
[Site "Helsingor DEN"]
[Date "2009.07.23"]
[Round "7"]
[White "Sorensen,JohnK"]
[Black "Ramme,C"]
[Result "0-1"]
[WhiteElo "1857"]
[BlackElo "2048"]
[EventDate "2009.07.18"]

1. d4 Nf6 2. c4 c5 3. d5 e6 4. Nc3 exd5 5. cxd5 d6 6. e4 g6 7. Bd3 Bg7 8.
Nge2 O-O 9. O-O Re8 10. a4 Nbd7 11. a5 Ng4 12. g3 Nde5 13. f3 Nxd3 14. Qxd3
Ne5 15. Qd1 c4 16. Kg2 Bd7 17. Ra3 Qc8 18. Ng1 Nd3 19. Qc2 b5 20. axb6 axb6
21. Be3 b5 22. Rxa8 Qxa8 23. Rb1 Rc8 24. Nge2 b4 25. Nd1 0-1

[Event "Politiken Cup"]
[Site "Helsingor DEN"]
[Date "2009.07.23"]
[Round "7"]
[White "Carnstam,T"]
[Black "Schmidt,Ho DEN"]
[Result "1-0"]
[WhiteElo "2047"]
[BlackElo "1875"]
[EventDate "2009.07.18"]

1. c4 e5 2. Nc3 d6 3. e3 g6 4. d4 Nc6 5. dxe5 Nxe5 6. f4 Bg4 7. Be2 Bxe2 8.
Qxe2 Nc6 9. Nf3 Bg7 10. O-O Nf6 11. Nd4 O-O 12. Qf3 Qd7 13. Bd2 Rae8 14.
Rae1 Nb4 15. Qxb7 Rb8 16. Qxa7 Nd3 17. Rb1 Rxb2 18. Rxb2 Nxb2 19. c5 Nc4
20. Bc1 Ng4 21. cxd6 Ngxe3 22. Re1 Qxd6 23. Ndb5 Qc6 24. Bxe3 Re8 25. Bf2
Rxe1+ 26. Bxe1 Qe6 27. Qa8+ Bf8 28. Qe4 Bc5+ 29. Bf2 Bxf2+ 30. Kxf2 Qb6+
31. Qd4 Qe6 32. Nxc7 Qc6 33. Qd8+ Kg7 34. Ne8+ Kf8 35. Nd6+ Kg7 36. Nde4 f5
37. Qd4+ Kh6 38. Nf6 Qe6 39. Ne2 g5 40. fxg5+ Kg6 41. Nf4+ 1-0

[Event "Politiken Cup"]
[Site "Helsingor DEN"]
[Date "2009.07.23"]
[Round "7"]
[White "Christensen,Ca"]
[Black "Lund,P"]
[Result "1-0"]
[WhiteElo "1808"]
[BlackElo "2047"]
[EventDate "2009.07.18"]

1. e4 e5 2. Nf3 Nf6 3. Nc3 Bb4 4. d3 d6 5. Bd2 c6 6. Be2 O-O 7. O-O h6 8.
a3 Ba5 9. b4 Bc7 10. Ne1 d5 11. exd5 cxd5 12. Nb5 Bb6 13. c4 a6 14. Nc3 Be6
15. c5 Bc7 16. f4 exf4 17. Bxf4 d4 18. Bxc7 Qxc7 19. Ne4 Nd5 20. Nc2 Nc6
21. Qd2 f5 22. Nd6 f4 23. Bf3 g5 24. Rfe1 Ne3 25. Bxc6 bxc6 26. Nxd4 Bd5
27. Rxe3 fxe3 28. Qxe3 Qg7 29. Re1 Qf6 30. N4f5 Kh8 31. d4 Rab8 32. Ne7 a5
33. Nxd5 cxd5 34. b5 Rbd8 35. Qe5 Kh7 36. Qxf6 Rxf6 37. b6 Rfxd6 38. cxd6
Rxd6 39. Rb1 Rd8 40. Kf2 Kg6 41. b7 Rb8 42. Rb5 a4 43. Kg3 Kh5 44. h3 Kg6
45. Kg4 h5+ 46. Kg3 Kf6 47. h4 gxh4+ 48. Kxh4 Kf5 49. Rxd5+ Ke4 50. Rd7 Kd3
51. d5 Kc4 52. Kxh5 Kb3 53. d6 Kxa3 54. Re7 Kb2 55. d7 a3 56. Kg6 a2 57.
Re2+ Kb1 58. Re1+ Kb2 59. Kf6 a1=Q 60. Rxa1 Kxa1 61. Ke6 1-0

[Event "Politiken Cup"]
[Site "Helsingor DEN"]
[Date "2009.07.23"]
[Round "7"]
[White "Berg,Su"]
[Black "Sjol,H"]
[Result "1-0"]
[WhiteElo "2020"]
[BlackElo "1852"]
[EventDate "2009.07.18"]

1. e4 c6 2. d4 d5 3. Nd2 dxe4 4. Nxe4 Bf5 5. Ng3 Bg6 6. Nf3 Nd7 7. h4 h6 8.
h5 Bh7 9. Bd3 Bxd3 10. Qxd3 Qc7 11. Bd2 Ngf6 12. O-O-O O-O-O 13. Qe2 e6 14.
Ne5 Nb6 15. Ba5 c5 16. Bxb6 axb6 17. Qc4 Bd6 18. f4 Nd5 19. Qa4 Rhf8 20.
Ne4 Nxf4 21. Qa8+ Qb8 22. Nxd6+ Rxd6 23. Qxb8+ Kxb8 24. dxc5 Rxd1+ 25. Rxd1
Rc8 26. cxb6 Re8 27. c4 f6 28. Nd7+ Kc8 29. Nc5 Rd8 30. Rxd8+ Kxd8 31.
Nxb7+ Kc8 32. Nc5 e5 33. a4 e4 34. Kd2 Nxg2 35. a5 e3+ 36. Ke2 1-0

[Event "Politiken Cup"]
[Site "Helsingor DEN"]
[Date "2009.07.23"]
[Round "7"]
[White "Boje,T"]
[Black "Frisvold,O"]
[Result "1-0"]
[WhiteElo "2008"]
[BlackElo "1827"]
[EventDate "2009.07.18"]

1. e4 c5 2. Nc3 Nc6 3. g3 g6 4. Bg2 Bg7 5. d3 e6 6. Be3 Nd4 7. Qd2 Ne7 8.
Nd1 b6 9. c3 Ndc6 10. Bh6 O-O 11. h4 f6 12. Bxg7 Kxg7 13. h5 g5 14. h6+ Kh8
15. f4 Ng6 16. fxg5 fxg5 17. Ne3 Ba6 18. O-O-O Nge5 19. Qe2 Nxd3+ 20. Rxd3
Ne5 21. c4 Rf2 22. Qd1 Qf6 23. Rc3 Bxc4 24. Nxc4 Nxc4 25. Ne2 Rxg2 26. Rxc4
Qf3 27. Re1 d5 28. exd5 exd5 29. Rc3 Qf5 30. Qd3 Qf2 31. Kd1 Qf6 32. Qf3
Rf8 33. Qxf6+ Rxf6 34. Nf4 1-0

[Event "Politiken Cup"]
[Site "Helsingor DEN"]
[Date "2009.07.23"]
[Round "7"]
[White "Nielsen,Aa"]
[Black "Sinkbaek,A"]
[Result "0-1"]
[WhiteElo "1932"]
[BlackElo "2186"]
[EventDate "2009.07.18"]

1. e4 d6 2. d4 Nf6 3. Nc3 g6 4. Nf3 Bg7 5. h3 O-O 6. Be3 c6 7. Bd3 e5 8.
dxe5 dxe5 9. Qd2 Re8 10. Bh6 Bh8 11. Rd1 Nbd7 12. Bc4 Bg7 13. O-O Qe7 14.
Bxg7 Kxg7 15. Rfe1 h6 16. Qd6 Qxd6 17. Rxd6 Nb6 18. Bb3 Re7 19. Red1 Ne8
20. R6d2 Be6 21. Bxe6 Rxe6 22. b3 Re7 23. Ne2 Nc7 24. c4 Rae8 25. Nc3 f6
26. c5 Nba8 27. b4 Ne6 28. g3 Nac7 29. a3 Kf7 30. Kf1 Ng5 31. Ng1 Nge6 32.
Nf3 a5 33. Rb2 Ra8 34. h4 axb4 35. axb4 h5 36. Ke2 Ke8 37. Rdd2 Rd7 38.
Rxd7 Kxd7 39. Kd3 Ra3 40. Rd2 Nb5 41. Kc4+ Ke7 42. Rd3 Nxc3 43. Rxc3 Ra2
44. Ne1 Rxf2 45. Nc2 Re2 46. Kd3 Rg2 47. Kc4 Rd2 48. Na3 Rd4+ 49. Kb3 Rxe4
50. Nc4 Nd4+ 51. Ka4 Nb5 52. Rc1 Rg4 53. Ka5 Rxg3 54. Rb1 Rc3 55. Nd2 Na3
56. Rb2 Rd3 57. Ka4 Nb5 58. Nb3 Nc3+ 59. Ka5 e4 60. Kb6 Rd7 61. Na5 Rd1 62.
Nxc6+ bxc6 63. Kxc6 e3 64. b5 e2 65. Rxe2+ Nxe2 0-1

[Event "Politiken Cup"]
[Site "Helsingor DEN"]
[Date "2009.07.23"]
[Round "7"]
[White "Hoel,J"]
[Black "Schou Moldt,T"]
[Result "0-1"]
[WhiteElo "1879"]
[BlackElo "2142"]
[EventDate "2009.07.18"]

1. c4 e5 2. g3 Nf6 3. Bg2 c6 4. d4 d6 5. Nc3 Nbd7 6. dxe5 dxe5 7. Bg5 Qb6
8. Qc2 Ng4 9. Nh3 h6 10. Bd2 Be7 11. O-O O-O 12. Kh1 f5 13. e3 e4 14. Nf4
Nde5 15. Nfe2 Qd8 16. Nd4 Bc5 17. Nce2 Qe8 18. b4 Bb6 19. c5 Bc7 20. Nf4
Qf7 21. h3 Nf6 22. Bc3 g5 23. Nfe2 Nd5 24. a4 a6 25. b5 axb5 26. axb5 Rxa1
27. Bxa1 Bd7 28. b6 Bb8 29. Qb2 Nd3 30. Qd2 Nxc5 31. Qa5 Bd6 32. Nc3 Nf6
33. Rd1 Ne8 34. Qa3 Nd3 35. Qa5 Bb4 36. Qa7 Bxc3 0-1

[Event "Politiken Cup"]
[Site "Helsingor DEN"]
[Date "2009.07.23"]
[Round "7"]
[White "Knoth,M"]
[Black "Rhee,A"]
[Result "0-1"]
[WhiteElo "1856"]
[BlackElo "2116"]
[EventDate "2009.07.18"]

1. d4 Nf6 2. c4 g6 3. Nc3 Bg7 4. e4 d6 5. Bf4 O-O 6. Qd2 e5 7. Bh6 exd4 8.
Nce2 Nxe4 9. Qc1 d3 10. Ng3 Qh4 11. Nxe4 Bxh6 12. Nd2 Re8+ 13. Kd1 Qxf2 0-1

[Event "Politiken Cup"]
[Site "Helsingor DEN"]
[Date "2009.07.23"]
[Round "7"]
[White "Rasmussen,He2"]
[Black "Bruun,H"]
[Result "0-1"]
[WhiteElo "1845"]
[BlackElo "2093"]
[EventDate "2009.07.18"]

1. e4 e5 2. Nf3 Nc6 3. d4 exd4 4. Nxd4 Nxd4 5. Qxd4 d6 6. Bc4 Nf6 7. Nc3
Be7 8. O-O O-O 9. Kh1 a6 10. a4 Be6 11. Nd5 Nxd5 12. exd5 Bf5 13. Bd3 Bf6
14. Qc4 Bxd3 15. Qxd3 c6 16. c3 cxd5 17. Qxd5 Qb6 18. Rb1 Qc6 19. Qxc6 bxc6
20. Bf4 d5 21. Rbd1 Rfe8 22. Rfe1 Re6 23. Kg1 Rae8 24. Kf1 g5 25. Bc1 g4
26. Bf4 Kg7 27. Be3 Kg6 28. Bc1 Kf5 29. Rxe6 fxe6 30. Ke2 e5 31. Kd3 c5 32.
Kc2 d4 33. c4 e4 34. Bh6 d3+ 35. Kb1 Rb8 36. Bc1 Rb4 37. Re1 Rxa4 0-1

[Event "Politiken Cup"]
[Site "Helsingor DEN"]
[Date "2009.07.23"]
[Round "7"]
[White "Jonsson,L"]
[Black "Nielsen,JeH"]
[Result "1/2-1/2"]
[WhiteElo "2082"]
[BlackElo "1902"]
[EventDate "2009.07.18"]

1. d4 f5 2. f4 Nf6 3. Nf3 d5 4. e3 c6 5. Bd3 g6 6. O-O Bg7 7. Qe2 O-O 8. c4
e6 9. Nc3 Nbd7 10. Bc2 Ne4 11. Nxe4 fxe4 12. Ng5 Qe7 13. b3 Nf6 14. a4 Re8
15. Ba3 Qd8 16. Kh1 Bf8 17. Bxf8 Rxf8 18. Rg1 Qe7 19. g4 Bd7 20. Raf1 h6
21. Nh3 Ne8 22. Rg3 Nd6 23. Rfg1 Rf7 24. Bb1 Raf8 25. Ba2 Ne8 26. Nf2 Ng7
27. R1g2 Ne8 28. Kg1 Nc7 29. h4 Na6 30. Rh3 Nb4 31. Bb1 a6 32. c5 Qd8 33.
Nh1 Rg7 34. Ng3 Qe7 35. Qe1 a5 36. Qe2 Qe8 1/2-1/2

[Event "Politiken Cup"]
[Site "Helsingor DEN"]
[Date "2009.07.23"]
[Round "7"]
[White "Brendel,B"]
[Black "Haubro,M"]
[Result "1-0"]
[WhiteElo "2046"]
[BlackElo "1855"]
[EventDate "2009.07.18"]

1. e4 e5 2. Nf3 Nc6 3. d4 exd4 4. Nxd4 Nf6 5. Nc3 Bb4 6. Nxc6 bxc6 7. Bd3
d5 8. Bg5 d4 9. a3 Be7 10. Ne2 c5 11. O-O Ng4 12. Bf4 Bd6 13. h3 Bxf4 14.
Nxf4 Qd6 15. e5 Nxe5 16. Re1 Bb7 17. Qh5 O-O-O 18. Qxe5 Qb6 19. Be4 Bxe4
20. Qxe4 Qxb2 21. Nd5 Qb7 22. Ne7+ Kb8 23. Rab1 1-0

[Event "Politiken Cup"]
[Site "Helsingor DEN"]
[Date "2009.07.23"]
[Round "7"]
[White "Sondergaard,T"]
[Black "Hansen,Herb"]
[Result "0-1"]
[WhiteElo "2017"]
[BlackElo "1832"]
[EventDate "2009.07.18"]

1. e4 e5 2. Nc3 Nf6 3. f4 d5 4. fxe5 Nxe4 5. Nf3 Nxc3 6. bxc3 Be7 7. d4 c5
8. Be2 O-O 9. O-O Nc6 10. Qe1 Bf5 11. Bd3 Bxd3 12. cxd3 cxd4 13. cxd4 Nb4
14. Qg3 Qb6 15. Rb1 Qa6 16. Ng5 Qxa2 17. Rb2 Qa6 18. Rbf2 Qxd3 19. Nxf7
Qxg3 20. hxg3 Nd3 21. e6 Nxf2 22. Rxf2 Bf6 23. Rxf6 gxf6 24. Nh6+ Kh8 25.
Nf5 Rfe8 26. e7 Rac8 27. Bh6 Rc7 28. Bg7+ Kg8 29. Bxf6 Rc1+ 30. Kf2 Kf7 31.
Bg5 Rc2+ 32. Kf3 Ke6 33. Kg4 a5 34. Ng7+ Kd7 0-1

[Event "Politiken Cup"]
[Site "Helsingor DEN"]
[Date "2009.07.23"]
[Round "7"]
[White "Nielsen,Mor"]
[Black "Lyngsjo,G"]
[Result "1-0"]
[WhiteElo "2006"]
[BlackElo "1829"]
[EventDate "2009.07.18"]

1. e4 d6 2. d4 Nf6 3. Nc3 g6 4. Be2 Bg7 5. g4 c6 6. g5 Nfd7 7. Be3 b5 8. a3
Nb6 9. d5 a6 10. Bd4 Bxd4 11. Qxd4 Rg8 12. Nf3 Bb7 13. h4 N8d7 14. h5 Qc7
15. hxg6 hxg6 16. Rh7 Rf8 17. Nh2 O-O-O 18. Ng4 Rde8 19. O-O-O Kb8 20. dxc6
Bxc6 21. Qg7 Nc5 22. f3 Ne6 23. Qh6 Rc8 24. Ne3 Nf4 25. Bd3 d5 26. Bf1 e5
27. exd5 Nbxd5 28. Nexd5 Nxd5 29. Rd3 b4 30. axb4 Nxb4 31. Re3 e4 32. fxe4
Bxe4 33. Qh2 Qxh2 34. Rxh2 Bf5 35. Bd3 Bxd3 36. cxd3 Rfd8 37. Kd2 Rd7 38.
Rh4 a5 39. Rf4 Rcd8 40. Rff3 Nc6 41. Ne2 Ka7 42. Re4 Nb4 43. d4 Rb8 44. Rb3
Rb5 45. Rg4 Ka6 46. Rf3 Nd5 47. b3 Rb4 48. Rh4 Rbb7 49. Rh7 Kb5 50. Nc3+
Nxc3 51. Kxc3 Rbc7+ 52. Kd3 Re7 53. Rf6 Rcd7 54. Rh8 Kb4 55. Rb6+ Ka3 56.
Ra8 Ra7 57. Rxa7 Rxa7 58. d5 a4 59. bxa4 Kxa4 60. Kc4 Ka5 61. Kc5 Re7 62.
Rb8 Ka6 63. d6 Re1 64. d7 Rc1+ 65. Kd6 Rd1+ 66. Ke7 1-0

[Event "Politiken Cup"]
[Site "Helsingor DEN"]
[Date "2009.07.23"]
[Round "7"]
[White "Hansen,Ras"]
[Black "Ostlund,M"]
[Result "1-0"]
[WhiteElo "2001"]
[BlackElo "1827"]
[EventDate "2009.07.18"]

1. d4 Nf6 2. c4 e6 3. Nf3 c5 4. Nc3 cxd4 5. Nxd4 Bb4 6. Qc2 O-O 7. Bg5 b6
8. e4 h6 9. Bh4 Bxc3+ 10. bxc3 d6 11. Rd1 Qe7 12. Nb5 Rd8 13. Bxf6 Qxf6 14.
Nc7 Bb7 15. Nxa8 Bxa8 16. Be2 Na6 17. O-O Nc5 18. Bf3 Qe5 19. Rd4 Bc6 20.
Qe2 Bb7 21. Qe3 Ba6 22. Be2 Nb7 23. Rfd1 g5 24. Bh5 Rc8 25. Be2 Rc6 26. h4
Na5 27. hxg5 hxg5 28. Rd5 exd5 29. Rxd5 Qf6 30. Rf5 Qe7 31. Rxg5+ Kf8 32.
Qg3 Ke8 33. Qg4 Kd8 34. c5 bxc5 35. Bxa6 Rxa6 36. Rg8+ Kc7 37. Rc8+ Kb7 38.
Ra8 Qc7 39. Qg8 Nc6 40. Rf8 Ne5 41. f4 Nd7 42. Rxf7 Rxa2 43. Re7 Ra6 44.
Qe6 Kc6 45. f5 Ra1+ 46. Kf2 Rb1 47. f6 Rb7 48. f7 Qd8 49. Qd5+ Kc7 50. Qe6
Rb8 51. Ke2 Rb2+ 52. Kd1 Rf2 53. Ke1 Rxg2 54. Rxd7+ Qxd7 55. Qxd7+ 1-0

[Event "Politiken Cup"]
[Site "Helsingor DEN"]
[Date "2009.07.23"]
[Round "7"]
[White "Andersen,Cl"]
[Black "Sorensen,S"]
[Result "0-1"]
[WhiteElo "1829"]
[BlackElo "2000"]
[EventDate "2009.07.18"]

1. d4 d5 2. c4 e6 3. Nc3 Nf6 4. cxd5 exd5 5. Bg5 Be7 6. e3 Nbd7 7. Bd3 O-O
8. Qc2 c6 9. Nf3 Re8 10. O-O Nf8 11. Bxf6 Bxf6 12. b4 Qd6 13. Rab1 a6 14.
a4 Bd7 15. b5 axb5 16. axb5 c5 17. dxc5 Qxc5 18. Ne4 Qe7 19. Nxf6+ Qxf6 20.
Qb3 Qd6 21. Rfd1 Ra3 22. Qb4 Qxb4 23. Rxb4 Rc8 24. Nd4 Rxd3 0-1

[Event "Politiken Cup"]
[Site "Helsingor DEN"]
[Date "2009.07.23"]
[Round "7"]
[White "Skjoldager,F"]
[Black "Moe,P"]
[Result "1-0"]
[WhiteElo "1997"]
[BlackElo "1820"]
[EventDate "2009.07.18"]

1. Nf3 c5 2. e4 d6 3. d4 cxd4 4. Nxd4 Nf6 5. Nc3 e5 6. Nb3 a6 7. a4 Be6 8.
Be2 Be7 9. O-O O-O 10. Be3 Nbd7 11. a5 Rc8 12. f3 Qc7 13. Rf2 Rfd8 14. Bd3
Qc6 15. Rd2 Nc5 16. Nxc5 dxc5 17. Bf1 Rxd2 18. Qxd2 c4 19. Qf2 Nd7 20. g3
Bc5 21. Bxc5 Qxc5 22. f4 f6 23. f5 Bf7 24. Qxc5 Nxc5 25. Rd1 Kf8 26. Kf2
Ke8 27. Ke3 Nd7 28. Na4 Rc6 29. Rb1 Kd8 30. Kd2 Nc5 31. Nxc5 Rxc5 32. Ra1
Kc7 33. Kc3 b6 34. axb6+ Kxb6 35. Ra4 Rc7 36. Bxc4 Bxc4 37. Rxc4 Rd7 38.
Rc8 Rd1 39. Rg8 Rh1 40. Rxg7 Rxh2 41. Rf7 Rh3 42. Rxf6+ Kb5 43. Rd6 Rxg3+
44. Rd3 Rg4 45. Rd5+ Kb6 46. Rxe5 h5 47. f6 Rf4 48. Rf5 Rxe4 49. f7 1-0

[Event "Politiken Cup"]
[Site "Helsingor DEN"]
[Date "2009.07.23"]
[Round "7"]
[White "Munk,Po"]
[Black "Maechel,M"]
[Result "1-0"]
[WhiteElo "1996"]
[BlackElo "1731"]
[EventDate "2009.07.18"]

1. c4 Nf6 2. Nc3 e6 3. e4 Bb4 4. e5 Bxc3 5. bxc3 Ng8 6. Qg4 g6 7. d4 Nc6 8.
Bd3 d6 9. Bg5 f6 10. exf6 Nxf6 11. Qh4 O-O 12. Nf3 e5 13. d5 Nb8 14. Nd2
Nbd7 15. Ne4 Qe7 16. O-O Qf7 17. f4 Nxe4 18. Bxe4 Nc5 19. fxe5 Bf5 20. Bxf5
gxf5 21. Bh6 dxe5 22. Bxf8 Rxf8 23. Qg3+ Qg7 24. Qxg7+ Kxg7 25. g3 Kg6 26.
Rae1 e4 27. Rb1 b6 28. Kf2 Kf6 29. Ke2 Ke5 30. Rf4 Nd7 31. Rbf1 Rf6 32. Ke3
Nf8 33. g4 Ng6 34. Rxf5+ Rxf5 35. Rxf5+ Kd6 36. Kxe4 Kc5 37. Kd3 Kd6 38.
Kd4 c5+ 39. dxc6 Kxc6 40. Rf7 Nh4 41. Rxh7 Nf3+ 42. Ke3 Ne5 43. g5 Nxc4+
44. Kd4 Nd2 45. g6 Nf3+ 46. Ke3 Ng5 47. h4 1-0